[Event "CapaBlancainmemoriam"]
[Site "SchemingMind.com"]
[Date "2007.11.27"]
[Round "-"]
[White "Lazaro"]
[Black "Konan_Kaddosh"]
[Result "0-1"]
[WhiteCountry "CUB"]
[BlackCountry "ITA"]
[WhiteElo "1507"]
[WhiteRD "47"]
[BlackElo "2492"]
[BlackRD "59"]
[GameID "130583"]

1. e4 c5 2. Nc3 Nc6 3. Nf3 d6 4. d4 cxd4 5. Nxd4 Nf6 6. Bg5 e6 7. Qd2 a6 8. O-O-O Bd7 9. f3 Be7 10. Nxc6 Bxc6
11. Kb1 O-O 12. g4 d5 13. Qf2 Nxg4 14. fxg4 Bxg5 15. exd5 exd5 16. Bg2 Bh4
0-1

[Event "CapaBlancainmemoriam"]
[Site "SchemingMind.com"]
[Date "2007.11.27"]
[Round "-"]
[White "Konan_Kaddosh"]
[Black "Lazaro"]
[Result "1-0"]
[WhiteCountry "ITA"]
[BlackCountry "CUB"]
[WhiteElo "2492"]
[WhiteRD "59"]
[BlackElo "1507"]
[BlackRD "47"]
[GameID "130607"]

1. e4 e5 2. Nf3 Nc6 3. Bb5 a6 4. Ba4 Nf6 5. O-O Nxe4 6. d4 b5 7. Bb3 d5 8. dxe5 Be6 9. Be3 Be7 10. c3 O-O
11. Nbd2 Qd7 12. Re1 Bg4 13. h3
1-0

[Event "CapaBlancainmemoriam"]
[Site "SchemingMind.com"]
[Date "2007.11.30"]
[Round "-"]
[White "spoke"]
[Black "ajedrez perfecto"]
[Result "1/2-1/2"]
[WhiteCountry "GER"]
[BlackCountry "BAH"]
[WhiteElo "1851"]
[WhiteRD "59"]
[BlackElo "1834"]
[BlackRD "72"]
[GameID "130927"]

1. e4 c5 2. Nf3 Nc6 3. d4 cxd4 4. Nxd4 g6 5. c4 Nf6 6. Nc3 Nxd4 7. Qxd4 d6 8. Bg5 Bg7 9. Qd2 O-O 10. Be2 Be6
11. O-O Re8 12. Bxf6 Bxf6 13. Nd5 Bg7 14. Rac1 Bd7 15. b4 e6 16. Nc3 Qc7 17. Rfd1 Bc6 18. b5 Bxc3 19. Rxc3 Bxe4 20. Qxd6 Qxd6
21. Rxd6 Red8 22. Rxd8+ Rxd8 23. f3 Bb1 24. a3 Kf8 25. Kf2=
1/2-1/2

[Event "CapaBlancainmemoriam"]
[Site "SchemingMind.com"]
[Date "2007.11.30"]
[Round "-"]
[White "ajedrez perfecto"]
[Black "spoke"]
[Result "0-1"]
[WhiteCountry "BAH"]
[BlackCountry "GER"]
[WhiteElo "1848"]
[WhiteRD "73"]
[BlackElo "1854"]
[BlackRD "58"]
[GameID "130931"]

1. Nc3 e5 2. e4 Nc6 3. Nf3 Nf6 4. Bb5 Bb4 5. O-O O-O 6. d3 d6 7. Bg5 Bxc3 8. bxc3 Bg4 9. h3 Bh5 10. Qe2 a6
11. Ba4 h6 12. Bh4 Na5 13. Rab1 b5 14. Bb3 Nxb3
0-1

[Event "CapaBlancainmemoriam"]
[Site "SchemingMind.com"]
[Date "2007.12.01"]
[Round "-"]
[White "Wolli"]
[Black "jtrochez1"]
[Result "1-0"]
[WhiteCountry "GER"]
[BlackCountry "HON"]
[WhiteElo "1827"]
[WhiteRD "73"]
[BlackElo "1518"]
[BlackRD "48"]
[GameID "131240"]

1. d4 d5 2. c4 Nf6 3. Nc3 e5 4. dxe5 Ne4 5. cxd5 Nxc3 6. bxc3 Be7 7. Nf3 Bg4 8. h3 Bh5 9. e4 O-O 10. Be2 Bg6
11. Bd3 Bc5 12. O-O Nd7 13. Bf4 h6 14. c4 Bh7 15. Qc2 a6 16. Rab1 b6 17. a4 a5 18. Nd2 Qc8 19. Nb3 Re8 20. Nxc5 Nxc5
21. Bg3 Nxd3 22. Qxd3 f5 23. e6 fxe4 24. Qe3 Qa6 25. Rfc1 Rac8 26. c5 Qd3 27. cxb6 cxb6 28. Rxc8 Qxb1+ 29. Rc1 Qb4 30. d6 Bf5
31. d7 Qe7 32. dxe8=Q+ Qxe8 33. Ra1 Qxe6 34. Qe2 Kh7 35. Qb5 e3 36. fxe3 Qxe3+ 37. Bf2 Qg5 38. g4
1-0

[Event "CapaBlancainmemoriam"]
[Site "SchemingMind.com"]
[Date "2007.12.01"]
[Round "-"]
[White "Chess_Man01"]
[Black "z"]
[Result "1-0"]
[WhiteCountry "GBR"]
[BlackCountry "IRQ"]
[WhiteElo "2289"]
[WhiteRD "59"]
[BlackElo "1821"]
[BlackRD "56"]
[GameID "131241"]

1. g4 e5 2. Bg2 d5 3. h3 h5 4. g5 c6 5. d3 f5 6. Nf3 Bd6 7. O-O Ne7 8. e4 O-O 9. exd5 cxd5 10. Nh4 g6
11. Nxg6 Nbc6 12. Qxh5 Kg7 13. Qh6+ Kf7 14. Nxf8 Qxf8 15. Qxd6 Be6 16. Qa3 f4 17. Nc3 Qg7 18. h4 Nf5 19. Qb3 Rh8 20. Bxd5 Ncd4
21. Bxe6+ Nxe6 22. Qxb7+ Kg6 23. Qxg7+ Kxg7 24. Ne4 Nxh4 25. c3 Nf3+ 26. Kg2 Nexg5 27. Nxg5 Nxg5 28. Rh1 f3+ 29. Kg1 Nh3+ 30. Kf1
1-0

[Event "CapaBlancainmemoriam"]
[Site "SchemingMind.com"]
[Date "2007.12.01"]
[Round "-"]
[White "jtrochez1"]
[Black "Wolli"]
[Result "1/2-1/2"]
[WhiteCountry "HON"]
[BlackCountry "GER"]
[WhiteElo "1518"]
[WhiteRD "48"]
[BlackElo "1827"]
[BlackRD "73"]
[GameID "131246"]

1. e4 d6 2. Nf3 Nf6 3. Nc3 g6 4. Nd5 Nbd7 5. Nxf6+ Nxf6 6. d3 Bg7 7. c3 Bg4 8. Be2 O-O 9. h3 Bxf3 10. Bxf3 e5
11. O-O c6 12. Be3 d5 13. Bg5 Qb6 14. b3 d4 15. c4 Nd7 16. Rc1 Nc5 17. Be7 Rfe8 18. Bxc5 Qxc5 19. Rc2 Bh6 20. Kh1 Qb4
21. Qe1 a5 22. Qxb4 axb4 23. Re2 c5 24. Ra1 Ra3 25. Rb2 Rea8 26. Bd1 Bg5 27. g3 h5=
1/2-1/2

[Event "CapaBlancainmemoriam"]
[Site "SchemingMind.com"]
[Date "2007.12.01"]
[Round "-"]
[White "z"]
[Black "Chess_Man01"]
[Result "0-1"]
[WhiteCountry "IRQ"]
[BlackCountry "GBR"]
[WhiteElo "1821"]
[WhiteRD "56"]
[BlackElo "2289"]
[BlackRD "59"]
[GameID "131247"]

1. h4 d5 2. d4 e6 3. Bf4 c5 4. dxc5 Bxc5 5. e3 Ne7 6. Nf3 Qb6 7. b3 Ng6 8. Bg3 f6 9. Be2 O-O 10. O-O Nc6
11. Nc3 Be7 12. Qd2 Nge5 13. a3 Nxf3+ 14. Bxf3 Ne5 15. Be2 Bd7 16. f4 Nf7 17. Bf2 Rac8 18. e4 Qc7 19. Bd4 Bc5 20. Nb5 Bxb5
21. Bxb5 Qb6
0-1

[Event "CapaBlancainmemoriam"]
[Site "SchemingMind.com"]
[Date "2007.12.04"]
[Round "-"]
[White "Mariazb"]
[Black "Julian Anderson"]
[Result "1-0"]
[WhiteCountry "ARG"]
[BlackCountry "GBR"]
[WhiteElo "2380"]
[WhiteRD "68"]
[BlackElo "1479"]
[BlackRD "92"]
[GameID "131800"]

1. e4 e5 2. Nf3 f5 3. exf5 Nc6 4. d4 d5 5. Nxe5 Nxd4 6. Qh5+ Ke7 7. Qh4+ Nf6 8. Qxd4 Bxf5 9. Nc3 Bxc2 10. Bg5 c5
11. Nxd5+ Ke6 12. Nf4+ Kf5 13. Qc3 Qd4 14. Qh3+ Ng4 15. Qxg4+ Ke4 16. f3+ Ke3 17. Nd5#
1-0

[Event "CapaBlancainmemoriam"]
[Site "SchemingMind.com"]
[Date "2007.12.04"]
[Round "-"]
[White "Julian Anderson"]
[Black "Mariazb"]
[Result "0-1"]
[WhiteCountry "GBR"]
[BlackCountry "ARG"]
[WhiteElo "1479"]
[WhiteRD "92"]
[BlackElo "2380"]
[BlackRD "68"]
[GameID "131806"]

1. d4 Nf6 2. c4 g6 3. Nf3 c5 4. e3 Bg7 5. Nc3 O-O 6. d5 d6 7. Qa4 Bf5 8. Qb5 Na6 9. Qxb7 Nb4 10. Bd2 Nc2+
11. Kd1 Nxa1 12. h3 Bc2+ 13. Kc1 Rb8 14. Qxa7 Ne4 15. Qa3 Nxc3 16. Bxc3 Ra8 17. Bxg7 Rxa3 18. bxa3 Kxg7 19. Kb2 Qb6+ 20. Kc3 Qa5+
21. Kb2 Rb8+ 22. Kxa1 Qc3#
0-1

[Event "CapaBlancainmemoriam"]
[Site "SchemingMind.com"]
[Date "2007.12.05"]
[Round "-"]
[White "loco61"]
[Black "sidra"]
[Result "0-1"]
[WhiteCountry "ENG"]
[BlackCountry "HUN"]
[WhiteElo "1583"]
[WhiteRD "63"]
[BlackElo "1699"]
[BlackRD "88"]
[GameID "132060"]

1. e4 e5 2. Nf3 d6 3. Bc4 h6 4. d4 exd4 5. Qxd4 c6 6. Be3 Be6 7. Bxe6 fxe6 8. O-O e5 9. Qd2 g5 10. Nxg5 hxg5
11. Bxg5 Be7 12. Bxe7 Qxe7 13. h3 Nf6 14. Nc3 Nbd7 15. Rad1 d5 16. exd5 Nxd5 17. Nxd5 cxd5 18. Qxd5 O-O-O 19. Qc4+ Kb8 20. Rde1 Rc8
21. Qb3 Qg7 22. Re3 Rhg8 23. Rg3 Qh7 24. Rxg8 Rxg8 25. Re1 Qg7 26. g4 Re8 27. Qd5 a6 28. c3 Rc8 29. Qd6+ Ka7 30. Rd1 Nb6
31. Rd3 Nc4 32. Qb4 e4 33. Rd4 e3 34. fxe3 Nxe3 35. Rd3 Nc2 36. Qe4 Qc7 37. Qe2 Qc5+ 38. Qf2 Qxf2+ 39. Kxf2 Re8 40. Rd2 Ne3
41. Kf3 Nc4 42. Re2 Rf8+ 43. Kg3 Rd8 44. g5 Nb6 45. h4 Kb8 46. h5 Kc8 47. g6 Nd5 48. Kg4 Nf6+ 49. Kh4 Rd5 50. g7 Rxh5+
51. Kg3 Rg5+ 52. Kf4 Rxg7 53. Kf5 Nd7 54. b4 Rg3 55. Rc2 Kc7 56. a4 Nb6 57. a5 Nd5 58. Rh2 Rxc3 59. Rh7+ Kc6 60. Rh6+ Kb5
61. Rh7 Rc7 62. Rh4 Nxb4 63. Ke6 Kxa5
0-1

[Event "CapaBlancainmemoriam"]
[Site "SchemingMind.com"]
[Date "2007.12.05"]
[Round "-"]
[White "Tahur"]
[Black "lucho-sc"]
[Result "1-0"]
[WhiteCountry "ARG"]
[BlackCountry "URU"]
[WhiteElo "1979"]
[WhiteRD "54"]
[BlackElo "1031"]
[BlackRD "115"]
[GameID "132061"]

1. e4 e5 2. Nf3 Nf6 3. Nxe5 Nxe4 4. Qe2 d5 5. d3 Qf6 6. Nf3 Bf5 7. Nbd2 Bb4 8. dxe4 dxe4 9. c3 Bxc3 10. bxc3 Qxc3
11. Qb5+ Nd7 12. Bb2 a6 13. Qxb7 Rb8 14. Qxb8+ Nxb8 15. Bxc3 O-O 16. Ne5
1-0

[Event "CapaBlancainmemoriam"]
[Site "SchemingMind.com"]
[Date "2007.12.08"]
[Round "-"]
[White "Clive Everill"]
[Black "Schaakmaatje"]
[Result "0-1"]
[WhiteCountry "CZE"]
[BlackCountry "NED"]
[WhiteElo "1708"]
[WhiteRD "55"]
[BlackElo "1746"]
[BlackRD "45"]
[GameID "132062"]

1. b3 e5 2. Bb2 Nc6 3. e3 d5 4. Bb5 Bd6 5. Nc3 Ne7 6. Bxc6+ bxc6 7. d4 e4 8. f3 f5 9. fxe4 fxe4 10. Qe2 O-O
11. O-O-O Ng6 12. Nb1 a5 13. Ba3 Ba6 14. Qe1 Bxa3+ 15. Nxa3 Qd6 16. Kb2 Rf1 17. Qd2 Raf8 18. Ne2 Rxh1 19. Rxh1 Rf2 20. c4 Qb4
21. Rd1 Rxg2 22. Nb1 Nh4 23. Nbc3 Nf3 24. Qc1 Bxc4 25. Ka1 Bxe2 26. Nxe2 Rxe2 27. Qxc6 Rxe3 28. Qe8+ Qf8 29. Qe6+ Kh8 30. Qxd5 Rd3
31. Rf1 Qe8 32. Qc5 Rxd4 33. h4 Qd8 34. Kb2 h6 35. h5 Rd2+ 36. Ka3 Qd6 37. Qxd6 Rxd6 38. Ka4 Rd5 39. Rc1 e3
0-1

[Event "CapaBlancainmemoriam"]
[Site "SchemingMind.com"]
[Date "2007.12.05"]
[Round "-"]
[White "maro"]
[Black "jedeve"]
[Result "0-1"]
[WhiteCountry "MEX"]
[BlackCountry "NED"]
[WhiteElo "1119"]
[WhiteRD "116"]
[BlackElo "1614"]
[BlackRD "83"]
[GameID "132063"]

1. e4 e5 2. Nf3 d6 3. d4 exd4 4. Qxd4 Nc6 5. Bb5 Bd7 6. Qd5 Nf6 7. Qb3 Nxe4 8. Bc4 Qf6 9. O-O Nc5 10. Re1+ Be7
11. Qe3 O-O 12. b4 Ne6 13. Nc3 Rac8 14. Bb2 Qf4 15. Nd5 Qxc4 16. Nxe7+ Nxe7 17. Qxa7 Qxc2 18. Rab1 Ra8 19. Qxb7 Rxa2 20. Qe4 Rxb2
21. Rbc1 Qxe4 22. Rxe4 Bc6 23. Rd4 Nxd4 24. Nxd4 Bd7 25. Rxc7 Rb1+
0-1

[Event "CapaBlancainmemoriam"]
[Site "SchemingMind.com"]
[Date "2007.12.05"]
[Round "-"]
[White "mmccaffe"]
[Black "murmac"]
[Result "1-0"]
[WhiteCountry "USA"]
[BlackCountry "SCO"]
[WhiteElo "1560"]
[WhiteRD "54"]
[BlackElo "1308"]
[BlackRD "153"]
[GameID "132064"]

1. e4 c5 2. Nf3 d6 3. d4 cxd4 4. Nxd4 Nc6 5. Nc3 Nf6 6. Bg5 e5 7. Ndb5 Be7 8. Qd2 O-O 9. f3 Be6 10. Bxf6 Bxf6
11. Be2 Be7 12. O-O-O a6 13. Na3 Nb4 14. Nd5 Nxd5 15. exd5 Bd7 16. Nc4 b5 17. Ne3 Qb6 18. g4
1-0

[Event "CapaBlancainmemoriam"]
[Site "SchemingMind.com"]
[Date "2007.12.05"]
[Round "-"]
[White "sidra"]
[Black "loco61"]
[Result "0-1"]
[WhiteCountry "HUN"]
[BlackCountry "ENG"]
[WhiteElo "1657"]
[WhiteRD "89"]
[BlackElo "1604"]
[BlackRD "65"]
[GameID "132069"]

1. d4 d5 2. e3 Nc6 3. a3 Bf5 4. c4 e6 5. c5 Nf6 6. f3 Be7 7. b4 O-O 8. Nc3 a6 9. Bb2 b6 10. cxb6 cxb6
11. b5 Nb8 12. g4 Bg6 13. bxa6 Nxa6 14. h4 h6 15. h5 Bh7 16. Nb5 Nc7 17. a4 Nxb5 18. Bxb5 Bd6 19. Ne2 Bb4+ 20. Bc3 Qd6
21. Bxb4 Qxb4+ 22. Kf2 Rfc8 23. Rc1 Qb2 24. Rxc8+ Rxc8 25. Bd3 Nd7 26. Bxh7+ Kxh7 27. Qd3+ Kg8 28. Rb1 Qc2 29. Qxc2 Rxc2 30. Ra1 Kf8=
31. f4 Ke7 32. Kf3 Kd6 33. g5 f5 34. a5 bxa5 35. Rxa5 Nb6 36. Ra7 Nd7 37. Ra6+ Ke7 38. Ng3 Rc3 39. gxh6 gxh6 40. Nxf5+ exf5
41. Rxh6 Nf6 42. Rg6 Ng4 43. h6 Rxe3+ 44. Kg2 Nxh6 45. Rxh6 Re4 46. Rh7+ Kf6 47. Rh6+ Kg7 48. Rd6 Rxd4 49. Kf3 Kf7 50. Ke3 Re4+
51. Kd3 Rxf4 52. Rxd5 Ke6 53. Ra5 Re4 54. Rb5 Kf6 55. Rd5 Kg5 56. Rc5 Kg4 57. Rd5 Ra4 58. Kc3 f4 59. Kb3 Re4 60. Kc2 f3
61. Rd1 Kg3 62. Kd3 Re8 63. Ra1 f2 64. Rb1 Kg2 65. Rb2 Kg1 66. Rb1+ f1=Q+ 67. Rxf1+ Kxf1 68. Kd4 Kf2 69. Kd5 Re3 70. Kd4 Kf3
71. Kd5 Re4 72. Kc5 Kf4 73. Kd5 Kf5 74. Kc5 Ke5 75. Kc6 Rd4 76. Kc5 Ke4 77. Kc6 Rd5 78. Kc7 Ke5 79. Kc6 Ke6 80. Kc7 Rd6
81. Kb7 Kd7 82. Kb8 Kc6 83. Kc8 Rd7 84. Kb8 Rh7
0-1

[Event "CapaBlancainmemoriam"]
[Site "SchemingMind.com"]
[Date "2007.12.05"]
[Round "-"]
[White "lucho-sc"]
[Black "Tahur"]
[Result "0-1"]
[WhiteCountry "URU"]
[BlackCountry "ARG"]
[WhiteElo "1031"]
[WhiteRD "115"]
[BlackElo "1979"]
[BlackRD "54"]
[GameID "132070"]

1. e4 e5 2. Nf3 Nc6 3. Bc4 Bc5 4. b4 Bxb4 5. c3 Nf6 6. O-O Nxe4 7. cxb4 d5 8. Bb5 Bg4 9. h3 Bxf3 10. Qxf3 O-O
11. Bb2 f6 12. d3 Ng5 13. Qg4 Qd6 14. a3 Qe6 15. Nd2 Qxg4 16. hxg4 Ne7 17. d4 c6 18. Ba4 e4
0-1

[Event "CapaBlancainmemoriam"]
[Site "SchemingMind.com"]
[Date "2007.12.08"]
[Round "-"]
[White "Schaakmaatje"]
[Black "Clive Everill"]
[Result "1-0"]
[WhiteCountry "NED"]
[BlackCountry "CZE"]
[WhiteElo "1746"]
[WhiteRD "45"]
[BlackElo "1708"]
[BlackRD "55"]
[GameID "132071"]

1. g4 d5 2. Bg2 Bxg4 3. c4 c6 4. cxd5 cxd5 5. Qb3 Nf6 6. Nc3 e6 7. Qxb7 Nbd7 8. d3 Be7 9. Nf3 O-O 10. Qb3 Nc5
11. Qd1 Nfd7 12. d4 Ne4 13. Bf4 Nxc3 14. bxc3 Nb6 15. Ne5 Bf5 16. Nc6 Qd7 17. Nxe7+ Qxe7 18. e3 Nc4 19. O-O Na3 20. Rc1 Kh8
21. Qd2 Nc4 22. Qe2 g5 23. Bg3 Rg8 24. f3 Rg6 25. e4 dxe4 26. Qxc4 exf3 27. Rxf3 Rag8 28. Re1 g4 29. Rxf5 Qa3 30. Rxf7 Rf8
31. Rxf8+ Qxf8 32. Rxe6
1-0

[Event "CapaBlancainmemoriam"]
[Site "SchemingMind.com"]
[Date "2007.12.05"]
[Round "-"]
[White "jedeve"]
[Black "maro"]
[Result "1-0"]
[WhiteCountry "NED"]
[BlackCountry "MEX"]
[WhiteElo "1614"]
[WhiteRD "83"]
[BlackElo "1119"]
[BlackRD "116"]
[GameID "132072"]

1. e4 e5 2. Nf3 Nf6 3. Nxe5 Qe7 4. Nf3 Nxe4 5. Qe2 d5 6. d3 Nc5 7. Nc3 Be6 8. Bf4 Qf6 9. Nxd5 Qf5 10. Nxc7+ Ke7
11. Qe3 Nca6 12. Nxa8 Qa5+ 13. Qd2 Qb5 14. Qc3 Nd7 15. Nc7 Ndc5 16. Nxb5 Ke8 17. Be2 f6 18. O-O g5 19. Nc7+ Kf7 20. Nxe6 Nxe6
21. Nxg5+ Ke8 22. Qc8+ Ke7 23. Qxe6+
1-0

[Event "CapaBlancainmemoriam"]
[Site "SchemingMind.com"]
[Date "2007.12.05"]
[Round "-"]
[White "murmac"]
[Black "mmccaffe"]
[Result "0-1"]
[WhiteCountry "SCO"]
[BlackCountry "USA"]
[WhiteElo "1285"]
[WhiteRD "148"]
[BlackElo "1576"]
[BlackRD "52"]
[GameID "132073"]

1. e4 d6 2. d4 Nf6 3. Nc3 g6 4. Nf3 Bg7 5. Bc4 O-O 6. Bf4 Nbd7 7. Qe2 c5 8. O-O-O a6 9. dxc5 Nxc5 10. Ng5 b5
11. Bxf7+ Rxf7 12. Nxf7 Kxf7 13. e5 Nh5 14. g3 Nxf4 15. gxf4 Qc7 16. Nd5 Qc6 17. Rhg1 dxe5
0-1

[Event "CapaBlancainmemoriam"]
[Site "SchemingMind.com"]
[Date "2007.12.07"]
[Round "-"]
[White "nwhitelaw"]
[Black "boba1844"]
[Result "1-0"]
[WhiteCountry "GBR"]
[BlackCountry "USA"]
[WhiteElo "1510"]
[WhiteRD "75"]
[BlackElo "1213"]
[BlackRD "100"]
[GameID "132227"]

1. e4 e5 2. Nf3 Bc5 3. c4 Bxf2+ 4. Kxf2 Nf6 5. Nxe5 Qe7 6. d4 Nxe4+ 7. Kg1 O-O 8. Qf3 Nf6 9. Bg5 Nc6 10. Nxc6 dxc6
11. Qg3 c5 12. Bh6 g6 13. Bxf8 Qxf8 14. Qxc7 cxd4 15. c5 Nd5 16. Qe5 Be6 17. Qxd4 Rb8 18. h4 b6 19. cxb6 axb6 20. Nc3 Nxc3
21. bxc3 b5 22. Qe5 b4 23. Rb1 Rd8 24. h5 Rd2 25. Rxb4 Bxa2 26. Rb8 Rd8 27. Rxd8 Qxd8 28. hxg6 hxg6 29. Qh8#
1-0

[Event "CapaBlancainmemoriam"]
[Site "SchemingMind.com"]
[Date "2007.12.06"]
[Round "-"]
[White "29A"]
[Black "Bury"]
[Result "1-0"]
[WhiteCountry "CAN"]
[BlackCountry "POL"]
[WhiteElo "1766"]
[WhiteRD "92"]
[BlackElo "1595"]
[BlackRD "180"]
[GameID "132229"]

1. e4 e5 2. Nf3 Nc6 3. Bb5 d6 4. d4 Bd7 5. Nc3 Nb4 6. Bxd7+ Qxd7 7. dxe5 f6 8. exd6 Bxd6 9. a3 Nc6 10. O-O f5
11. exf5 Nf6 12. Re1+ Be7 13. Qxd7+ Nxd7 14. Nd5 O-O-O 15. Nxe7+ Nxe7 16. Rxe7 Rhg8 17. Bf4 Rde8 18. Rae1 b6 19. Rxe8+ Rxe8 20. Rxe8+ Kb7
21. Ne5
1-0

[Event "CapaBlancainmemoriam"]
[Site "SchemingMind.com"]
[Date "2007.12.07"]
[Round "-"]
[White "SLAINTIE MHATH"]
[Black "e_castle3"]
[Result "1-0"]
[WhiteCountry "POL"]
[BlackCountry "PHI"]
[WhiteElo "1625"]
[WhiteRD "54"]
[BlackElo "1783"]
[BlackRD "70"]
[GameID "132230"]

1. d4 d5 2. Bg5 h6 3. Bh4 g5 4. Bg3 Bg7 5. e3 Nf6 6. h3 O-O 7. f4 Ne4 8. Qf3 c6 9. fxg5 Nxg5 10. Qh5 Ne4
11. Bf4 Qb6 12. Nd2 Qxb2 13. Rd1 Nxd2 14. Rxd2 Qc1+ 15. Ke2 Kh7 16. g4 f6 17. Nf3 Nd7 18. Kf2 e5 19. Bd3+
1-0

[Event "CapaBlancainmemoriam"]
[Site "SchemingMind.com"]
[Date "2007.12.06"]
[Round "-"]
[White "byrdlegz"]
[Black "jl1234"]
[Result "1/2-1/2"]
[WhiteCountry "USA"]
[BlackCountry "POL"]
[WhiteElo "1771"]
[WhiteRD "235"]
[BlackElo "2043"]
[BlackRD "113"]
[GameID "132231"]

1. e4 c5 2. d4 cxd4 3. c3 dxc3 4. Nxc3 e6 5. Nf3 h6 6. Bc4 a6 7. O-O Nc6 8. Bf4 Bb4 9. Qb3 Bxc3 10. Qxc3 Qf6
11. Qd2 Qd8 12. Bd6 Nge7 13. Rac1 O-O 14. Rfd1 Re8 15. Qf4 Ng6 16. Qg3 Qb6 17. b3 a5 18. Bd3 a4 19. e5 axb3 20. axb3 Ra2
21. Bc5 Qa5 22. Bxg6 fxg6 23. Qxg6 Rd8 24. Nd4 Nxd4 25. Bxd4 Rd2 26. Rxd2 Qxd2 27. Be3 Qb2 28. Bxh6 Qxe5 29. Be3 b5 30. h4 Bb7
31. Rc5 Bd5 32. Rxb5 Ra8 33. Rc5 Ra1+ 34. Bc1 Qe1+= 35. Kh2 Rxc1 36. Qe8+ Kh7 37. Qh5+ Kg8=
1/2-1/2

[Event "CapaBlancainmemoriam"]
[Site "SchemingMind.com"]
[Date "2007.12.09"]
[Round "-"]
[White "boba1844"]
[Black "nwhitelaw"]
[Result "0-1"]
[WhiteCountry "USA"]
[BlackCountry "GBR"]
[WhiteElo "1213"]
[WhiteRD "100"]
[BlackElo "1510"]
[BlackRD "75"]
[GameID "132233"]

1. e4 e5 2. Bc4 Nf6 3. Bxf7+ Kxf7 4. Qf3 Nc6 5. c3 d5 6. Nh3 dxe4 7. Ng5+ Ke8 8. Nxe4 Bg4 9. Qe3 Qd5 10. O-O Nxe4
11. d3 Bc5 12. Qe1 Nxf2 13. Be3 Bh3 14. Qxf2 Bxe3 15. gxh3 Bxf2+ 16. Rxf2 Qc5 17. b4 Qe3 18. b5 Rf8 19. Nd2 Qxf2+ 20. Kh1 Qxd2
21. bxc6 Qxc3 22. Rd1 Qxc6+ 23. Kg1 Qf3 24. Re1 Qf2+ 25. Kh1 Qxe1+
0-1

[Event "CapaBlancainmemoriam"]
[Site "SchemingMind.com"]
[Date "2007.12.07"]
[Round "-"]
[White "Bury"]
[Black "29A"]
[Result "1-0"]
[WhiteCountry "POL"]
[BlackCountry "CAN"]
[WhiteElo "1595"]
[WhiteRD "180"]
[BlackElo "1766"]
[BlackRD "92"]
[GameID "132235"]

1. e4 c5 2. Bc4 d6 3. Nc3 Nf6 4. Nf3 a6 5. Ng5 e6 6. d4 cxd4 7. Qxd4 Nc6 8. Qd2 h6 9. Nf3 b5 10. Bb3 b4
11. Na4 Nxe4 12. Qe3 d5 13. O-O Rb8 14. Nd4 Ne5 15. f3 Bd6 16. fxe4 Ng4 17. Qh3 Nxh2 18. Rf2 e5 19. Nf5 Bxf5 20. Qxf5 O-O
21. Kxh2 Qh4+ 22. Kg1 Qe7 23. Be3 d4 24. Bd2 Rb7 25. Qg4 Kh8 26. Raf1 f6 27. Qg6 Rbb8 28. Rf3
1-0

[Event "CapaBlancainmemoriam"]
[Site "SchemingMind.com"]
[Date "2007.12.07"]
[Round "-"]
[White "e_castle3"]
[Black "SLAINTIE MHATH"]
[Result "1-0"]
[WhiteCountry "PHI"]
[BlackCountry "POL"]
[WhiteElo "1783"]
[WhiteRD "70"]
[BlackElo "1625"]
[BlackRD "54"]
[GameID "132236"]

1. e4 e5 2. Nf3 Qf6 3. Bc4 Bc5 4. O-O Nc6 5. c3 Nge7 6. Re1 d6 7. Na3 a6 8. Nc2 Bg4 9. h3 Bxf3 10. Qxf3 Qxf3
11. gxf3 Ng6 12. Bf1 O-O-O 13. a4 Nf4 14. d3 g5 15. b4 Ba7 16. b5 Ne7 17. bxa6 bxa6 18. a5 c5 19. Rb1 Neg6 20. d4 Nh4
21. Bxa6+ Kd7 22. Rb7+ Ke6 23. Bc4+ Kf6 24. Rxf7+ Kg6 25. Bxf4 Nxf3+ 26. Kf1 Nxe1 27. Kxe1 gxf4 28. Rxa7 Rb8 29. Kd2 Rbd8 30. Bf7+ Kg5
31. d5 Ra8 32. Rd7 Rhf8 33. Be6 Ra6 34. Rxh7 Rxa5 35. f3 Ra6 36. Kd3 Kg6 37. Rb7 Kg5 38. Rb1 Kh4 39. Rb3 Kg3 40. Bg4 Rg8
41. Na3 Ra4 42. Nc4 Rga8 43. Nxd6 Rd8 44. Nc4 Ra1 45. Nxe5 Rda8 46. Kc4
1-0

[Event "CapaBlancainmemoriam"]
[Site "SchemingMind.com"]
[Date "2007.12.06"]
[Round "-"]
[White "jl1234"]
[Black "byrdlegz"]
[Result "1-0"]
[WhiteCountry "POL"]
[BlackCountry "USA"]
[WhiteElo "2043"]
[WhiteRD "113"]
[BlackElo "1771"]
[BlackRD "235"]
[GameID "132237"]

1. b4 e5 2. Bb2 d6 3. e4 Nf6 4. Bd3 Be7 5. h3 O-O 6. a3 Be6 7. c4 Nc6 8. Nf3 Nd7 9. O-O Nb6 10. Qc2 Qd7
11. Re1 f5 12. exf5 Bxf5 13. Bxf5 Rxf5 14. Kh2 Raf8 15. Re3 Qe6 16. d3 g5 17. b5 Nd8 18. Nd4 Rxf2 19. Qxf2 Rxf2 20. Nxe6 Nxe6
21. Bc3 Nf4 22. Rg3 h5 23. Be1 Re2 24. Nc3 Rc2 25. Ra2 Rc1 26. Bd2 Rf1 27. Bxf4 exf4 28. Rf3 Rxf3 29. gxf3 Nd7 30. Nd5 Bd8
31. Rg2 Nc5 32. Nxf4 Kh7 33. d4 Nb3 34. Ne6 Bf6 35. Nxg5+ Bxg5 36. Rxg5 Nxd4 37. Rxh5+ Kg6 38. Rd5 Nxf3+ 39. Kg3 Ng5 40. Kg4 Ne4
41. h4 Nf6+ 42. Kf4 Nxd5+ 43. cxd5 Kh5 44. Kf5 Kxh4 45. Ke6 Kg5 46. Kd7
1-0

[Event "CapaBlancainmemoriam"]
[Site "SchemingMind.com"]
[Date "2008.01.16"]
[Round "-"]
[White "Mariazb"]
[Black "Bury"]
[Result "1-0"]
[WhiteCountry "ARG"]
[BlackCountry "POL"]
[WhiteElo "2340"]
[WhiteRD "70"]
[BlackElo "1614"]
[BlackRD "105"]
[GameID "137345"]

1. e4 e5 2. Nf3 Nc6 3. Bb5 a6 4. Ba4 b5 5. Bb3 Bb4 6. c3 Bc5 7. d4 Bb6 8. O-O Nf6 9. dxe5 Nxe4 10. Qd5 Qe7
11. Qxe4 d6 12. Qxc6+ Qd7 13. Qxa8 c6 14. exd6 O-O 15. Bf4 Bb7 16. Ne5 Qc8 17. Qxc8 Bxc8 18. d7 Bxd7 19. Nxd7 Rd8 20. Nxb6
1-0

[Event "CapaBlancainmemoriam"]
[Site "SchemingMind.com"]
[Date "2008.01.16"]
[Round "-"]
[White "Bury"]
[Black "Mariazb"]
[Result "0-1"]
[WhiteCountry "POL"]
[BlackCountry "ARG"]
[WhiteElo "1614"]
[WhiteRD "105"]
[BlackElo "2340"]
[BlackRD "70"]
[GameID "137349"]

1. e4 c5 2. Bc4 Nc6 3. Nf3 e6 4. Nc3 Nf6 5. Qe2 d6 6. Bb5 Bd7 7. Bc4 Be7 8. d3 Nd4 9. Nxd4 cxd4 10. Nb5 d5
11. exd5 exd5 12. Bxd5 Nxd5 13. Nxd4 O-O 14. O-O Bf6 15. c3 Qb6 16. Rb1 Nxc3 17. Qc2 Nxb1 18. Qxb1 Bxd4 19. b3 Rfe8 20. Bd2 Re2
21. Kh1 Rxd2 22. Qc1 Rxf2 23. Re1 Qg6 24. Rg1 Bc6
0-1

[Event "CapaBlancainmemoriam"]
[Site "SchemingMind.com"]
[Date "2008.01.16"]
[Round "-"]
[White "Wolli"]
[Black "jorge47"]
[Result "1-0"]
[WhiteCountry "GER"]
[BlackCountry "ARG"]
[WhiteElo "1833"]
[WhiteRD "71"]
[BlackElo "1524"]
[BlackRD "76"]
[GameID "137602"]

1. d4 d5 2. c4 e6 3. Nc3 Nf6 4. Bg5 Be7 5. Nf3 O-O 6. e3 h6 7. Bh4 Nbd7 8. Bd3 b6 9. O-O a6 10. cxd5 Nxd5
11. Bxe7 Qxe7 12. Nxd5 exd5 13. Rc1 c5 14. dxc5 bxc5 15. b3 Bb7 16. Be2 Ne5 17. Nxe5 Qxe5 18. Rxc5 Rfc8 19. Qc2 Rxc5 20. Qxc5 Rc8
21. Qb6 Qc7 22. Qxc7 Rxc7 23. Bd3 g6 24. Rd1 f5 25. h3 Kg7 26. b4 Kf6 27. a4 g5 28. b5 axb5 29. axb5 Ke5 30. Kf1 f4
31. Ke2 fxe3 32. fxe3 h5 33. g4 hxg4 34. hxg4 Rd7 35. Bf5 d4 36. Bxd7
1-0

[Event "CapaBlancainmemoriam"]
[Site "SchemingMind.com"]
[Date "2008.01.16"]
[Round "-"]
[White "jorge47"]
[Black "Wolli"]
[Result "1/2-1/2"]
[WhiteCountry "ARG"]
[BlackCountry "GER"]
[WhiteElo "1524"]
[WhiteRD "76"]
[BlackElo "1833"]
[BlackRD "71"]
[GameID "137607"]

1. e4 d6 2. Nf3 Nf6 3. Nc3 g6 4. Be2 Bg7 5. O-O e5 6. d4 exd4 7. Nxd4 O-O 8. h3 Bd7 9. Be3 Nc6 10. f4 Nxd4
11. Bxd4 Qe7 12. e5 dxe5 13. Bxe5 c6 14. Bf3 Be6 15. Re1 Rad8 16. Qe2 Rd7 17. Rad1 Rfd8 18. Rxd7 Rxd7 19. g4 Qd8 20. Rd1 Rxd1+=
1/2-1/2